Sin Maíz no hay País: citizenship and environment in Mexico's food sovereignty movement /

Gardado en:
Detalles Bibliográficos
Autor Principal: Richard, Analiese
Formato: Texto
Etiquetas: Engadir etiqueta
Sen Etiquetas, Sexa o primeiro en etiquetar este rexistro!

MARC

LEADER 00000 a a2200000 04500
001 47168
003
040
100 |a Richard, Analiese  
245 |a Sin Maíz no hay País:   |b citizenship and environment in Mexico's food sovereignty movement /  |c Analiese Richard  
773 |g páginas 59-76  
999 |c 25126  |d 25126